| 000 | 02210nam0a2200349 4500 | ||
|---|---|---|---|
| 001 | RU\NLR\BIBL_A\012131125 | ||
| 005 | 20191211164022.0 | ||
| 010 |
_a978-5-7883-1420-4 _925 |
||
| 021 |
_aRU _bКН-П-19-076179 _9КН-П-19-5496 |
||
| 035 | _a(NLR Aleph) 012131125 | ||
| 035 | _a(RuMoRGB)010114881 | ||
| 090 |
_a12046426 _c12046426 |
||
| 100 | _a20191030d2019 u y0rusy50 ca | ||
| 101 | 0 | _arus | |
| 102 | _aRU | ||
| 105 | _ay j 000zy | ||
| 200 | 1 |
_aЯзыковая компетенция современного тележурналиста: курс лекций _e[учебное пособие _eдля студентов направления подготовки 42.03.04 Телевидение] _fВ. В. Лабутина _gМинистерство науки и высшего образования Российской Федерации, Федеральное государственное автономное образовательное учреждение высшего образования "Самарский национальный исследовательский университет имени академика С. П. Королева" (Самарский университет) |
|
| 210 |
_aСамара _cИзд-во Самарского университета _d2019 |
||
| 215 |
_a87 с. _d21 |
||
| 320 | _aБиблиогр.: с. 79-87 | ||
| 606 | 1 |
_aЯзыковая компетенция _jУчебные издания для высших учебных заведений _92503886 _3RU\NLR\AUTH\661484845 |
|
| 606 | 1 |
_aТелевизионная журналистика _jУчебные издания для высших учебных заведений _xЯзык и стиль _92430461 _3RU\NLR\AUTH\6601664941 |
|
| 610 | 0 | _aязык журналиста | |
| 610 | 0 | _aречь журналиста | |
| 686 | 1 | _aШ100.3я7 | |
| 686 | 1 | _aЧ632.162.0я73 | |
| 700 | 1 |
_7ca _8rus _aЛабутина _bВ. В. _cканд. филол. наук _gВера Викторовна _957776 _3RU\NLR\AUTH\7774848 |
|
| 942 | _cBOOK | ||
| 980 | _aNBR | ||
| 980 | _aNB | ||